000
00309nam a2200133Ia 4500
005
20251222155049.0
008
251222s9999||||xx |||||||||||||| ||spa||
082
_a
EDUM.105
100
_a
ESTELLE M. PHILLIPS
245
0
_a
Cómo obtener un doctorado
250
_a
1ra. ed.
264
_b
Gedisa
942
_c
LIB
999
_c
37213
_d
37213